| 000 | 00808nam a2200229 a 4500 | ||
|---|---|---|---|
| 001 | BRCA_638 | ||
| 005 | 20190320203106.0 | ||
| 008 | 891129s1988 onca---##b---#000-0#eng-# | ||
| 020 | _a0888845766 | ||
| 040 |
_aDLC _cDLC _dDLC |
||
| 050 | 4 |
_aNA5247.O5 _b.N67 1988 |
|
| 100 | 1 |
_aNoppen, Luc _92140 |
|
| 245 | 1 | 0 |
_aIn the National Gallery of Canada _bOne of the Most Beautiful Chapels in the Land _cLuc Noppen. |
| 260 |
_aOttawa _bThe National Gallery of Canada _c1988 |
||
| 300 |
_a108 p. _bil. blanco y negro _c26 cm. |
||
| 504 | _aBibliografía: p. 99-102 | ||
| 600 | 1 | 4 |
_aBouillon, Georges _d1841-1932 _xCrítica e interpretación _92141 |
| 610 | 2 | 4 |
_aRideau Chapel _92142 |
| 610 | 2 | 4 |
_aNational Gallery of Canada _92143 |
| 650 | 1 | 4 |
_aRenacimiento gótico (Arquitectura) _zOntario - Ottawa _92144 |
| 942 |
_2lcc _cB |
||
| 999 |
_c555 _d555 |
||